Formovanie ľudského kapitálu smerom k sociálnej kvalite dizertačná práca

Gespeichert in:
Bibliographische Detailangaben
1. Verfasser: Setnická, Ivana
Körperschaft: Národohospodárska fakulta EU. Katedra sociálneho rozvoja a práce
Weitere Verfasser: Antalová, Mária, 1952-
Format: Buch
Sprache:Slowakisch
Veröffentlicht: Bratislava 2018
Schlagworte:
Tags: Tag hinzufügen
Keine Tags, Fügen Sie das erste Tag hinzu!

MARC

LEADER 00000nbm a2200000 4500
001 0246222
005 20230227105126.0
041 0 |a slo 
044 |a SK 
245 1 0 |a Formovanie ľudského kapitálu smerom k sociálnej kvalite  |b dizertačná práca  |c Ivana Setnická ; školiteľ: Mária Antalová 
264 1 |a Bratislava  |c 2018 
300 |a 127 s. 
610 2 0 |a kapitál ľudský 
610 2 0 |a kapitál sociálny 
610 2 0 |a kvalita sociálna 
610 2 0 |a Slovensko 
100 1 |a Setnická, Ivana 
700 1 |a Antalová, Mária, 1952- 
710 2 |a Národohospodárska fakulta EU. Katedra sociálneho rozvoja a práce